Các yếu tố ảnh hưởng đến sự hài lòng của khách hàng về chất lượng dịch vụ căn hộ chung cư của tập đoàn Hà Đô tại khu vực TP. Hồ Chí Minh : Luận văn thạc sĩ - Chuyên ngành: Quản trị kinh doanh
Guardado en:
| Autor principal: | |
|---|---|
| Formato: | Luận văn |
| Lenguaje: | Undetermined |
| Publicado: |
Trường Đại học Công nghiệp Tp. Hồ Chí Minh
2020
|
| Materias: | |
| Etiquetas: |
Agregar Etiqueta
Sin Etiquetas, Sea el primero en etiquetar este registro!
|
| Thư viện lưu trữ: | Trung tâm Thư viện - Trường Đại học Công nghiệp TP. Hồ Chí Minh |
|---|
| LEADER | 00850nam a2200157Ia 4500 | ||
|---|---|---|---|
| 001 | UIH_01603 | ||
| 008 | 230809s9999 xx 000 0 und d | ||
| 082 | |a 658.834 | ||
| 100 | |a Nguyễn, Anh Tuấn | ||
| 245 | 0 | |a Các yếu tố ảnh hưởng đến sự hài lòng của khách hàng về chất lượng dịch vụ căn hộ chung cư của tập đoàn Hà Đô tại khu vực TP. Hồ Chí Minh : Luận văn thạc sĩ - Chuyên ngành: Quản trị kinh doanh | |
| 245 | 0 | |c Nguyễn, Anh Tuấn | |
| 260 | |b Trường Đại học Công nghiệp Tp. Hồ Chí Minh | ||
| 260 | |c 2020 | ||
| 650 | |a Quản trị kinh doanh;Nghiên cứu người tiêu dùng | ||
| 927 | |a Luận văn | ||
| 980 | |a Trung tâm Thư viện - Trường Đại học Công nghiệp TP. Hồ Chí Minh | ||